01207cam a22003012 450000100060000000300080000600500170001400800390003103500190007004000270008904100110011608200220012710000600014924501980020926000460040730000530045350000200050650400300052665000280055665000390058465000340062365000360065765000290069365000270072294200120074999900170076195201270077812700BD-RjUL20211208235337.0140129s1966 enka b 001 0 eng a(BD-RjUL)12750 aDLCcCSUdBD-RjULbeng1 aengrus00a612.825bLUH 19661 aLuria, A. R.q(Aleksandr Romanovich),d1902-197793954210aHigher cortical functions in man /cAleksandr Romanovich Luria; authorised translation from the Russian by Basil Haigh, prefaces to the English edition by Hans-Lukas Teuber and Karl H. Pribram. aLondon :bTavistock Publications,cc1966. axvi, 513 p. :billus., tables, diagrs. ;c24 cm. aIncludes index. aBibliography: p. 471-502. 0aCerebral cortex.939543 0aBrainxWounds and injuries.939544 2aBrain Damage, Chronic.939545 2aHigher Nervous Activity.939546 2aPsychophysiology.939547 2aCentral Cortex.939548 2ddccBK c12700d12700 00102ddc40718NFICaRUCLbRUCLcReadingd1982-11-24eN/Al0o612.825 LUH 1966r2014-01-29 00:00:00tC-1w2014-01-29yBK